Košice - dóm

Zobrazenie: Pohľad na Dóm sv. Alžbety v pozadí spoza okennej mreže. V popredí pred katedrálou je park s listnatými stromami a jazierkom

Bibliographic Details
Format: Photo
Language:Slovak
Published: Bratislava Tvar 1955
Subjects:

MARC

LEADER 00000nkm a2200000 a 4500
001 vtls011870899
003 SK-MaSNL
005 20260301150240.0
007 kf bo
008 240131s1955 xo g kuslo
015 |a SNBG1955 
035 |a urn:nbn:sk:snk-km00dvlq 
035 |a urn:nbn:sk:snk-km3lsg0 
035 |a 5BB2BAC7-FB6E-4496-BB28-6CB74AA2A733 
040 |a SNK  |b slo  |c SNK  |e AACR2 
041 0 |a slo 
043 |a e-xo--- 
044 |a xo  |c SK 
072 7 |a 913  |x Regionálna geografia  |2 konspekt 
080 |a 913(437.6)  |2 2011 
080 |a 72  |2 2011 
080 |a 726:27-523.41  |2 2011 
080 |a 712.253  |2 2011 
080 |a 556.55  |2 2011 
080 |a 904(084.121)  |2 2011 
245 0 0 |a Košice - dóm  |h grafika 
260 |a Bratislava  |b Tvar  |c 1955 
300 |a 1 pohľadnica  |b čiernobiela  |c 14 x 9 cm 
520 8 |a Zobrazenie: Pohľad na Dóm sv. Alžbety v pozadí spoza okennej mreže. V popredí pred katedrálou je park s listnatými stromami a jazierkom 
610 2 7 |a Dóm sv. Alžbety (Košice, Slovensko)  |2 SNKKA  |9 34070 
650 0 7 |a katedrály  |2 SNKPH  |9 3032 
650 0 7 |a parky  |2 SNKPH  |9 2942 
650 0 7 |a jazerá  |2 SNKPH  |9 19987 
651 7 |a Košice (Slovensko)  |2 SNKPHgeo  |9 18694 
655 7 |a miestne pohľadnice  |2 SNKPH  |9 70510 
655 7 |a pohľadnice kultúrnych pamiatok  |2 SNKPH  |9 70523 
852 |a Slovenská národná knižnica 
958 |a GBN 
958 |a GC 
958 |a OND 
958 |a EUIPO 
999 |c 782891  |d 784821 
952 |a SNK  |b SNK  |y PREZ  |7 0  |p 17A1282998  |o snkSP 80848  |0 0  |1 0  |4 0  |d 2019-06-12  |f 1  |l 0  |r 2026-02-24 01:10:16  |w 2026-02-24